| 000 | 00841nam a2200253 i 4500 | ||
|---|---|---|---|
| 001 | 180763 | ||
| 003 | ES-MaACL | ||
| 005 | 20250930063153.0 | ||
| 008 | 120710s2011 sp |||| | spa d | ||
| 020 | _a978-84-7522-077-2 | ||
| 080 | _a821.112.2-14"19" | ||
| 100 | 1 |
_aHesse, Hermann, _d1877-1962 _963472 |
|
| 245 | 1 | 0 |
_aEscrito en la arena / _cHermann Hesse ; edic. de Jenaro Talens. |
| 250 | _a3ª ed. | ||
| 260 |
_aMadrid : _bVisor Libros, _c2011. |
||
| 300 |
_a89 p. ; _c20 cm. |
||
| 490 | 1 |
_aColección Visor de poesía ; _v77 |
|
| 546 | _aTexto en alemán y traducción en español. | ||
| 700 |
_aTalens, Jenaro, _d1946- _9235316 |
||
| 830 | 0 |
_aColección Visor de poesía _v77 _9177331 |
|
| 852 |
_aES-MaACL _jA-12130 _9187674 _bR.147074 _cDEPO1 _dOlim: N-5135 |
||
| 942 |
_2udc _cMONOGRAFIA |
||
| 999 |
_c180763 _d180763 |
||